Zur Ökologie des sprossers (Luscinia Luscinia L.) in der Theiss-auen bei Tiszatelek, nach seiner ankunft im Frühling

Elmentve itt :
Bibliográfiai részletek
Szerző: Schmidt E.
Dokumentumtípus: Cikk
Megjelent: 1973
Sorozat:Tiscia
Kulcsszavak:Természettudomány
Online Access:http://acta.bibl.u-szeged.hu/9721
LEADER 00639nab a2200181 i 4500
001 acta9721
005 20210323131739.0
008 161015s1973 hu o 0|| ger d
022 |a 0563-587X 
040 |a SZTE Egyetemi Kiadványok Repozitórium  |b hun 
041 |a ger 
100 1 |a Schmidt E. 
245 1 4 |a Zur Ökologie des sprossers (Luscinia Luscinia L.) in der Theiss-auen bei Tiszatelek, nach seiner ankunft im Frühling  |h [elektronikus dokumentum] /  |c  Schmidt E. 
260 |c 1973 
300 |a 79-81 
490 0 |a Tiscia 
695 |a Természettudomány 
856 4 0 |u http://acta.bibl.u-szeged.hu/9721/1/tiscia_008_079-081.pdf  |z Dokumentum-elérés